| 000 | 00364 a2200169 4500 | ||
|---|---|---|---|
| 001 | 17260 | ||
| 020 | _a9788526270367 | ||
| 040 | _cAnchieta - Bela Vista | ||
| 100 | _aMurray, Roseana | ||
| 240 | 1 | 0 |
_aFábrica de poesia _l |
| 245 | 1 | 0 | _aFábrica de poesia |
| 300 | _a29 | ||
| 362 | 0 | _a2008 | |
| 440 | 1 | _aScipione | |
| 650 | 4 | _aLiteratura juvenil | |
| 942 | _cBK | ||
| 999 |
_c17260 _d17260 |
||